[Event "DOM-chT"]
[Site "Santiago de los Caballeros"]
[Date "2017.08.18"]
[Round "3.3"]
[White "Novas, Andres Guillermo"]
[Black "Viola Herrera, Victor Manuel"]
[Result "0-1"]
[WhiteElo "1688"]
[BlackElo "1896"]
[PlyCount "66"]
[EventDate "2017.08.17"]
[EventType "team-swiss"]
[EventRounds "6"]
[EventCountry "DOM"]
[SourceTitle "EXT 2019"]
[Source "ChessBase"]
[SourceDate "2018.10.10"]
[SourceVersion "1"]
[SourceVersionDate "2018.10.10"]
[SourceQuality "1"]
[WhiteTeam "Bahoruco"]
[BlackTeam "San Juan de la Maguana"]
[WhiteTeamCountry "DOM"]
[BlackTeamCountry "DOM"]

1. e4 e6 2. d4 d5 3. exd5 exd5 4. Nf3 Nf6 5. Bg5 Be7 6. Bd3 Bg4 7. Nbd2 Nbd7 8. 0-0 0-0 9. Re1 Bd6 10. h3 Bh5 11. Bf5 c6 12. Nf1 Qc7 13. Bh4 Rae8 14. Rxe8 Rxe8 15. Bg3 Ne4 16. Bxd6 Qxd6 17. Ng3 Nxg3 18. fxg3 Nf6 19. g4 Bg6 20. Ne5 Bxf5 21. gxf5 Ne4 22. Qh5 Re7 23. Qg4 f6 24. Nd3 b6 25. Nf4 Qb4 26. Ne6 Qxb2 27. Re1 Qxc2 28. Qf4 Kf7 29. Rxe4 Qxe4 30. Nd8+ Kg8 31. Qd6 Qxd4+ 32. Kh1 Re1+ 33. Kh2 Qe5+ 0-1

[Event "DOM-chT"]
[Site "Santiago de los Caballeros"]
[Date "2017.08.18"]
[Round "2.3"]
[White "Viola Herrera, Victor Manuel"]
[Black "Rodriguez Caceres, Aridio"]
[Result "0-1"]
[WhiteElo "1896"]
[BlackElo "1850"]
[PlyCount "72"]
[EventDate "2017.08.17"]
[EventType "team-swiss"]
[EventRounds "6"]
[EventCountry "DOM"]
[SourceTitle "EXT 2019"]
[Source "ChessBase"]
[SourceDate "2018.10.10"]
[SourceVersion "1"]
[SourceVersionDate "2018.10.10"]
[SourceQuality "1"]
[WhiteTeam "San Juan de la Maguana"]
[BlackTeam "Monsenor Nouel"]
[WhiteTeamCountry "DOM"]
[BlackTeamCountry "DOM"]

1. d4 d5 2. f4 e6 3. e3 c5 4. Nf3 Nc6 5. c3 f5 6. Bd3 Nf6 7. 0-0 Be7 8. Nbd2 cxd4 9. exd4 0-0 10. Ne5 Nxe5 11. fxe5 Ne4 12. Rf3 Bd7 13. Rf1 a6 14. Qe2 Qe8 15. c4 Bc6 16. cxd5 exd5 17. Kh1 Kh8 18. Nb3 b6 19. Be3 a5 20. Rac1 a4 21. Nd2 a3 22. b3 b5 23. Rc2 b4 24. Nb1 Qd7 25. Rfc1 Rac8 26. g3 Qe6 27. Qh5 Be8 28. Qe2 Rxc2 29. Rxc2 g5 30. Bxe4 dxe4 31. Qd2 f4 32. gxf4 gxf4 33. Bxf4 Qg4 34. Bg3 Rf1+ 35. Kg2 Qf3+ 36. Kh3 Bd7+ 0-1